Danske kendte statsminister - Statistics

General Stats
  • This quiz has been taken 74 times
  • The average score is 6 of 15
Answer Stats
Picture Answer % Correct
Lars Løkke
100%
Mette Frederiksen
98%
Anders fogh Rasmussen
80%
Anker Jørgensen
57%
Thorvald Stauning
51%
Helle Torning
46%
Poul Nyrup Rasmussen
46%
Poul Schluter
45%
Jens Otto Krag
40%
Hilmar Baunsgaard
17%
Poul Hartling
17%
Viggo Kampmann
12%
Hans Hedtoft
11%
Erik Eriksen
6%
Hans Christian Hansen
3%
No matching quizzes found
Score Distribution
Percent of People with Each Score
Percentile by Number Answered
Your Score History
You have not taken this quiz